| 000 | 00470nam a22001337a 4500 | ||
|---|---|---|---|
| 020 | _a9787300247069 | ||
| 040 | _cNUST CL | ||
| 082 |
_a330.951 _bLIA |
||
| 100 |
_aLiang , Guoyong _983144 |
||
| 245 |
_a Chinese economy 2040 : _bthe changing landscape of globalization and a new path for development / _c Guoyong Liang; Window to China. |
||
| 260 |
_bBeijing : _aChina Renmin University Press, _c2017. |
||
| 300 | _a320 pages : illustrations ; 23 cm. | ||
| 942 |
_2ddc _cBK |
||
| 999 |
_c586513 _d586513 |
||